[Event "24th Space Coast Open"]
[Site "Cocoa Beach USA"]
[Date "2017.04.30"]
[Round "5.3"]
[White "Acor,C"]
[Black "Andretta,G"]
[Result "1-0"]
[WhiteElo "2277"]
[BlackElo "2115"]

1.d4 d5 2.Nf3 e6 3.c4 Nf6 4.Nc3 Nbd7 5.cxd5 exd5 6.Bg5 Be7 7.e3 c6 8.Bd3 O-O
9.Qc2 Re8 10.O-O g6 11.Rae1 Ne4 12.Bxe7 Qxe7 13.Bxe4 dxe4 14.Nd2 Nf6 15.f3
exf3 16.Rxf3 Nd5 17.e4 f5 18.Qb3 Qb4 19.Nxd5 Qxb3 20.Rxb3 cxd5 21.e5 Re7
22.Rc1 Be6 23.Rbc3 Rf8 24.Kf2 g5 25.a4 Kg7 26.a5 f4 27.Nb3 Kg6 28.Nc5 Kf5
29.a6 bxa6 30.Nxa6 Ke4 31.Nc5+ Kxd4 32.Re1 Rb8 33.Nb3+ Rxb3 34.Rxb3 Bf5
35.Rb4+ Kc5 36.Ra4 d4 37.Rc1+ Kd5 38.Ra5+ Ke4 39.Re1+ Kd3 40.e6 {#r} 1-0

[Event "ch-CAT 2017"]
[Site "Vilanova i la Geltru ESP"]
[Date "2017.04.30"]
[Round "1.2"]
[White "Alonso Rosell,A"]
[Black "Martin Perez,Laura"]
[Result "1-0"]
[WhiteElo "2537"]
[BlackElo "2069"]

1.Nf3 c5 2.g3 Nc6 3.Bg2 g6 4.O-O Bg7 5.c4 d6 6.Nc3 e5 7.d3 Nge7 8.Rb1 O-O 9.a3
a5 10.Bg5 h6 11.Bd2 Be6 12.Ne1 Kh7 13.Nc2 d5 14.cxd5 Nxd5 15.Ne3 Nc7 16.Na4
Na6 17.Rc1 Qe7 18.Nc4 Bxc4 19.Rxc4 Nd4 20.Rc1 Rab8 21.Bxa5 b5 22.Nc3 b4 23.Nd5
Qd7 24.axb4 cxb4 25.Bb6 Qb5 26.Ba7 Rbc8 27.Bxd4 exd4 28.Qd2 Rfd8 29.Rxc8 Rxc8
30.Qf4 Rf8 31.h4 Nc5 32.h5 Ne6 33.Qg4 Qe8 34.Ra1 f5 35.Qxg6+ Qxg6 36.hxg6+
Kxg6 37.Ra6 Kf7 38.Ra7+ Kg6 39.Ra6 Kf7 40.Bf3 Rd8 41.Bh5+ {#r} 1-0

[Event "ch-CAT 2017"]
[Site "Vilanova i la Geltru ESP"]
[Date "2017.04.30"]
[Round "1.2"]
[White "Hernando Rodrigo,Ju"]
[Black "Asis Gargatagli,H"]
[Result "0-1"]
[WhiteElo "2266"]
[BlackElo "2505"]

1.d4 Nf6 2.c4 g6 3.Nc3 d5 4.cxd5 Nxd5 5.e4 Nxc3 6.bxc3 Bg7 7.Nf3 c5 8.Rb1 O-O
9.Be2 b6 10.O-O Bb7 11.Qd3 Ba6 12.Qe3 Qd7 13.d5 Bxe2 14.Qxe2 Bxc3 15.Qc4 Bg7
16.Bg5 h6 17.Bh4 Re8 18.Rfd1 e6 19.h3 exd5 20.exd5 Qf5 21.d6 Qd7 22.Be7 Nc6
23.Qb5 c4 24.Rbc1 c3 25.Bh4 Re6 26.Bg3 Rd8 27.Qb3 Na5 28.Qb4 Rc8 29.Nd4 {#R}
0-1

[Event "1st Ruse Cup 2017"]
[Site "Ruse BUL"]
[Date "2017.04.30"]
[Round "3.1"]
[White "Naydenov,Nayden"]
[Black "Mitrev,E"]
[Result "0-1"]
[WhiteElo "1989"]
[BlackElo "2091"]
[EventType "swiss"]

1.e4 c5 2.c3 d5 3.exd5 Qxd5 4.d4 Nf6 5.Nf3 e6 6.Be2 Nc6 7.O-O cxd4 8.cxd4 Be7
9.Nc3 Qd8 10.Be3 O-O 11.Bd3 Nb4 12.Bb1 Nbd5 13.Qd3 g6 14.Bh6 Re8 15.Ne5 Bd7
16.Qg3 Bf8 17.Bg5 Be7 18.Qh4 Nh5 19.f4 h6 20.Bxg6 fxg6 21.Nxg6 Bxg5 22.Qxh5
Bf6 23.Rf3 Bg7 24.Rg3 Nf6 25.Qe2 Bc6 26.Rd1 Qc7 27.Ne5 Rf8 28.Qd3 Be8 29.f5
Nh5 30.Rg4 Rxf5 31.Nd5 Qd6 32.Ne3 Rxe5 33.dxe5 Qxe5 34.Nc4 Qf5 35.Qh3 Nf6
36.Ne3 Qh5 37.Rh4 Qg5 38.Qxe6+ Bf7 39.Qh3 Re8 40.Nf5 Be6 41.Ne7+ Rxe7 42.Rd8+
Kf7 {#R} 0-1

[Event "1st Ruse Cup 2017"]
[Site "Ruse BUL"]
[Date "2017.04.30"]
[Round "3.5"]
[White "Ivanov,Boris2"]
[Black "Dzanev,G"]
[Result "1-0"]
[WhiteElo "1939"]
[BlackElo "1990"]
[EventType "swiss"]

1.e4 c5 2.Nc3 Nc6 3.f4 d6 4.Bb5 Bd7 5.Nf3 g6 6.O-O Bg7 7.d3 Nd4 8.Bxd7+ Qxd7
9.Be3 e5 10.Nd5 Ne7 11.Nxe7 Qxe7 12.c3 Nxf3+ 13.Qxf3 exf4 14.Bxf4 O-O 15.Rae1
b5 16.Re2 a5 17.Qg3 Be5 18.Rd1 Bxf4 19.Qxf4 Qe5 20.Qe3 Qe6 21.a3 Rfb8 22.d4 c4
23.Rf1 f6 24.Ref2 f5 25.Rf4 Re8 26.Qh3 fxe4 27.Rf8+ Kg7 28.Qxe6 Rxe6 29.Rxa8
{#r} 1-0

[Event "1st Ruse Cup 2017"]
[Site "Ruse BUL"]
[Date "2017.04.30"]
[Round "3.8"]
[White "Todorov,E"]
[Black "Georgiev,Nikolay"]
[Result "1-0"]
[WhiteElo "1945"]
[BlackElo "1574"]
[EventType "swiss"]

1.c4 c6 2.Nf3 d5 3.Qc2 Nf6 4.g3 Bg4 5.Bg2 e6 6.d3 Bd6 7.O-O Nbd7 8.Bg5 h6
9.Bd2 O-O 10.b4 Qe7 11.c5 Bc7 12.Bc3 e5 13.e3 Nh7 14.Ne1 f5 15.f3 Bh5 16.Nd2
Bf7 17.Nb3 Be6 18.Qb2 Rf7 19.Nc2 h5 20.f4 e4 21.dxe4 fxe4 22.Ncd4 Bf5 23.Nxf5
Rxf5 24.Bh3 Rf7 25.Nd4 Kh8 26.Nf5 Qf8 27.Nxg7 Rxg7 28.Bxd7 Bd8 29.Bxg7+ Qxg7
30.Qxg7+ Kxg7 31.b5 Nf6 32.bxc6 Nxd7 33.cxd7 {#r} 1-0

[Event "1st Ruse Cup 2017"]
[Site "Ruse BUL"]
[Date "2017.04.30"]
[Round "3.11"]
[White "Mitev,Mitko"]
[Black "Inal,Ihsan Berkay"]
[Result "1-0"]
[WhiteElo "1792"]
[BlackElo "1292"]
[EventType "swiss"]

1.e4 d5 2.exd5 Qxd5 3.Nc3 Qd8 4.d4 Nf6 5.Nf3 Bg4 6.h3 Bxf3 7.Qxf3 c6 8.Be3 e6
9.Bd3 Bd6 10.O-O-O O-O 11.Ne4 Be7 12.g4 Nxe4 13.Qxe4 g6 14.h4 Qd5 15.Qf4 Nd7
16.Kb1 Rac8 17.g5 Rfd8 18.h5 e5 19.dxe5 Qxe5 20.hxg6 hxg6 21.Bd4 Bxg5 22.Bxe5
Bxf4 23.Rh8# 1-0

[Event "1st Ruse Cup 2017"]
[Site "Ruse BUL"]
[Date "2017.04.30"]
[Round "4.5"]
[White "Todorov,R"]
[Black "Mutafov,K"]
[Result "0-1"]
[WhiteElo "1744"]
[BlackElo "2172"]
[EventType "swiss"]

1.g3 e5 2.Bg2 d5 3.d3 f5 4.c4 d4 5.e4 Nc6 6.Qe2 Bb4+ 7.Bd2 Bd6 8.f4 exf4 9.e5
Be7 10.gxf4 Bh4+ 11.Kd1 Be6 12.b4 Qd7 13.Qh5+ g6 14.Qxh4 Nxb4 15.Bxb4 Qa4+
16.Kc1 Qxb4 17.Nf3 Rd8 18.Qe1 Qc5 19.Ng5 Bxc4 20.dxc4 Qxc4+ 21.Kd1 Qa4+ 22.Ke2
d3+ 23.Kf3 h6 24.Nc3 Qc4 25.Qd2 hxg5 26.fxg5 Qg4+ 27.Kf2 Qh4+ 28.Kf1 Rd4
29.Nd5 c6 30.Nf6+ Kf7 31.Rb1 b6 32.Nxg8 Rxg8 33.Bxc6 Rf4+ 34.Kg1 Qxg5+ 35.Qg2
Rg4 36.Re1 Rxg2+ 37.Bxg2 d2 38.Rd1 Qe3+ 39.Kf1 Rc8 40.Bd5+ Ke7 41.Bb3 Qf3+
42.Kg1 Rc1 {#R} 0-1

[Event "1st Ruse Cup 2017"]
[Site "Ruse BUL"]
[Date "2017.04.30"]
[Round "5.2"]
[White "Ivanov,Boris2"]
[Black "Vladimirov,Ivo"]
[Result "0-1"]
[WhiteElo "1939"]
[BlackElo "1977"]
[EventType "swiss"]

1.e4 c6 2.d4 d5 3.Nc3 dxe4 4.Nxe4 Bf5 5.Ng3 Bg6 6.Nf3 Nd7 7.h4 h6 8.h5 Bh7
9.Bd3 Bxd3 10.Qxd3 Qc7 11.Bd2 Ngf6 12.O-O-O O-O-O 13.Qe2 e6 14.Ne5 Nb6 15.Ba5
Rd5 16.Bxb6 axb6 17.c4 Rd8 18.f4 c5 19.dxc5 Bxc5 20.Ne4 Bd4 21.Rd2 Bxe5
22.fxe5 Nxe4 23.Qxe4 Rxd2 24.Kxd2 Rd8+ 25.Kc3 Qc5 26.Rc1 Qf2 27.Rc2 Qg3+
28.Kb4 Qg5 29.c5 Qe7 30.Kb5 Rd5 31.Kxb6 Qc7+ 32.Kb5 Rxe5 33.Qf3 Rf5 34.Qe4 Rf4
{#R} 0-1

[Event "1st Ruse Cup 2017"]
[Site "Ruse BUL"]
[Date "2017.04.30"]
[Round "5.12"]
[White "Mitev,Mitko"]
[Black "Georgiev,Nikolay"]
[Result "1-0"]
[WhiteElo "1792"]
[BlackElo "1574"]
[EventType "swiss"]

1.e4 e5 2.f4 exf4 3.Nf3 d6 4.Bc4 h6 5.Nc3 g5 6.O-O Bg7 7.d4 Nd7 8.h4 Nb6 9.Bb3
Bg4 10.Qd3 Be6 11.d5 Bg4 12.Bd2 Be5 13.Rae1 f6 14.a3 Ne7 15.Kf2 Kf7 16.Rh1 Qd7
17.h5 Kg7 18.Rh2 Qe8 19.Reh1 Qf7 20.Nd4 Bxd4+ 21.Qxd4 Kh7 22.Ne2 Bxe2 23.Kxe2
Nd7 24.Qb4 b6 25.Qc3 Rac8 26.Bc4 Nb8 27.Qh3 Rhe8 28.Kd1 f5 29.exf5 Kg8 30.g3
fxg3 31.Qxg3 Nxf5 32.Qg4 Re5 33.Rf1 Rf8 34.Rhf2 Qd7 35.Kc1 Qc8 36.Bc3 a6
37.Bxe5 {#r} 1-0

[Event "World Senior Teams +50"]
[Site "Hersonissos GRE"]
[Date "2017.04.30"]
[Round "7.1"]
[White "Khalifman,A"]
[Black "Papadimitriou,L"]
[Result "1-0"]
[WhiteElo "2617"]
[BlackElo "2003"]

1.d4 d5 2.c4 dxc4 3.e4 Nf6 4.e5 Nd5 5.Bxc4 Nb6 6.Bd3 Nc6 7.Be3 Nb4 8.Be4 f5
9.a3 e6 10.axb4 Bxb4+ 11.Nc3 fxe4 12.Qh5+ g6 13.Qg4 Nc4 14.Ne2 Nxe3 15.fxe3
O-O 16.Nf4 c5 17.O-O cxd4 18.Nxe4 Rf5 19.Nxg6 hxg6 20.Qxg6+ {#r} 1-0

[Event "World Senior Teams +50"]
[Site "Hersonissos GRE"]
[Date "2017.04.30"]
[Round "7.1"]
[White "Hrisanthopoulos,D"]
[Black "Ivanov,Sergey1"]
[Result "0-1"]
[WhiteElo "1996"]
[BlackElo "2530"]

1.e4 c5 2.Nf3 Nc6 3.d4 cxd4 4.Nxd4 e6 5.Nc3 Qc7 6.Be3 a6 7.Be2 Nf6 8.a3 Be7
9.f4 d6 10.g4 Nxd4 11.Qxd4 e5 12.Qd2 Bxg4 13.Bxg4 Nxg4 14.O-O-O Nxe3 15.Qxe3
exf4 16.Qxf4 Rc8 17.Rd2 O-O 18.Rg2 Qd7 19.Rhg1 g6 20.h4 Qe6 21.Nd5 Rc4 22.h5
Rxe4 23.Qd2 Bf6 24.Rf1 Bg7 25.hxg6 hxg6 {#R} 0-1

[Event "World Senior Teams +50"]
[Site "Hersonissos GRE"]
[Date "2017.04.30"]
[Round "7.1"]
[White "Ionov,S"]
[Black "Sideris,N"]
[Result "1-0"]
[WhiteElo "2535"]
[BlackElo "1975"]

1.d4 g6 2.e4 d6 3.c3 Nf6 4.Bd3 Bg7 5.Nf3 O-O 6.O-O c5 7.h3 cxd4 8.cxd4 Nc6
9.Nc3 e5 10.dxe5 dxe5 11.Be3 Qe7 12.Bb5 Rd8 13.Qa4 Bd7 14.Bg5 a6 15.Nd5 Qd6
16.Rad1 Qe6 17.Bc4 Nd4 18.Qa3 Kh8 19.Nxd4 exd4 20.Rfe1 Rdc8 21.Bxf6 Rxc4
22.Bxg7+ Kxg7 23.Qd3 Ra4 24.b3 Rxa2 25.Qxd4+ {#r} 1-0

[Event "World Senior Teams +50"]
[Site "Hersonissos GRE"]
[Date "2017.04.30"]
[Round "7.2"]
[White "Vaganian,R"]
[Black "Rantanen,Y"]
[Result "1-0"]
[WhiteElo "2560"]
[BlackElo "2292"]

1.d4 Nf6 2.Nf3 e6 3.e3 d5 4.Bd3 c5 5.b3 Nc6 6.O-O Bd6 7.Bb2 Qc7 8.Na3 a6 9.c4
Qe7 10.cxd5 exd5 11.dxc5 Bxc5 12.Nc2 O-O 13.Ncd4 Bg4 14.Nxc6 bxc6 15.Qc2 Bd6
16.Qxc6 Bxf3 17.gxf3 Qe6 18.Kg2 Rac8 19.Qa4 Nh5 20.Qg4 Qh6 21.h4 Bf4 22.Bf5
Rc6 23.Rac1 Rg6 24.Bxg6 hxg6 25.Rc6 Bxe3 26.fxe3 Qxe3 27.Bc1 Qe8 28.Rc2 f5
29.Qg5 Kh7 30.Bb2 Rf7 31.Rg1 Re7 32.Kh1 Re6 33.Rcg2 Qb8 34.Qxh5+ gxh5 35.Rxg7+
Kh6 36.Rg8 {#r} 1-0

[Event "World Senior Teams +50"]
[Site "Hersonissos GRE"]
[Date "2017.04.30"]
[Round "7.2"]
[White "Salonen,J"]
[Black "Minasian,Art"]
[Result "0-1"]
[WhiteElo "2174"]
[BlackElo "2480"]

1.e4 c6 2.d3 d5 3.Be2 e5 4.Nf3 Bd6 5.d4 dxe4 6.Nxe5 Nd7 7.Nc3 Ngf6 8.Bf4 Qe7
9.Nxd7 Bxf4 10.Nxf6+ gxf6 11.g3 Bh6 12.O-O Bd7 13.f4 f5 14.Bc4 Bg7 15.Ne2 h5
16.h4 O-O-O 17.c3 Bf6 18.Qe1 Rhg8 19.Kh2 Rg4 20.Kh3 Rdg8 21.Rd1 R8g7 22.Qf2 e3
23.Qf3 Bxh4 24.Rg1 Bf6 25.Rd3 h4 26.Rxe3 Qd8 27.Qf1 hxg3 28.Rgxg3 Bh4 29.Rxg4
Rxg4 30.Ng3 Bxg3 {#R} 0-1

[Event "World Senior Teams +50"]
[Site "Hersonissos GRE"]
[Date "2017.04.30"]
[Round "7.3"]
[White "Nunn,J"]
[Black "Greenfeld,A"]
[Result "0-1"]
[WhiteElo "2600"]
[BlackElo "2550"]

1.e4 c5 2.Nf3 g6 3.d4 cxd4 4.Nxd4 Nc6 5.c4 Bg7 6.Be3 Nf6 7.Nc3 O-O 8.Be2 d6
9.O-O Bd7 10.Qd2 Nxd4 11.Bxd4 Bc6 12.f3 Nd7 13.Be3 a5 14.b3 Nc5 15.Rab1 e6
16.Rfd1 Be5 17.Bf1 Qh4 18.f4 Bxc3 19.Qxc3 Nxe4 20.Qb2 Rfe8 21.g3 Qh5 22.Bg2 e5
23.Rf1 exf4 24.Bxf4 Nxg3 {#R} 0-1

[Event "World Senior Teams +50"]
[Site "Hersonissos GRE"]
[Date "2017.04.30"]
[Round "7.4"]
[White "Gruenfeld,Y"]
[Black "Denk,A"]
[Result "1-0"]
[WhiteElo "2410"]
[BlackElo "2268"]

1.e4 c5 2.Nf3 d6 3.d4 cxd4 4.Nxd4 Nf6 5.Nc3 a6 6.Bg5 Nbd7 7.Qe2 e6 8.O-O-O Be7
9.f4 Qc7 10.g4 h6 11.Bh4 Nxe4 12.Nxe4 Bxh4 13.Nf5 Be7 14.Nexd6+ Bxd6 15.Nxd6+
Kf8 16.Bg2 Nf6 17.Rd4 Bd7 18.Rhd1 Bc6 19.Bxc6 bxc6 20.c4 c5 21.R4d2 Rd8 22.h3
Kg8 23.Qe5 Qc6 24.Nf5 Re8 25.Nxg7 Kxg7 26.g5 hxg5 27.Qxg5+ Kf8 28.Qxf6 Rxh3
29.Rd8 Qc7 30.R8d7 {#r} 1-0

[Event "World Senior Teams +50"]
[Site "Hersonissos GRE"]
[Date "2017.04.30"]
[Round "7.5"]
[White "Mannion,Stephen R"]
[Black "Plaskett,J"]
[Result "0-1"]
[WhiteElo "2335"]
[BlackElo "2458"]

1.e4 c5 2.Nf3 d6 3.d4 cxd4 4.Nxd4 Nf6 5.Nc3 a6 6.h3 Nc6 7.g4 e6 8.Bg2 Qb6
9.Nb3 h6 10.h4 Ne5 11.g5 hxg5 12.hxg5 Rxh1+ 13.Bxh1 Nfd7 14.Qe2 Qc7 15.f4 Nc4
16.a4 g6 17.a5 Bg7 18.Qd3 b5 19.axb6 Ndxb6 20.Bf3 Bb7 21.Nd2 Rc8 22.Nxc4 Nxc4
23.Be2 Qb6 24.Nd1 Bxb2 25.Nxb2 Nxb2 26.Qb3 Qg1+ 27.Bf1 Bxe4 28.Rxa6 Nd3+
29.cxd3 Qg3+ 30.Ke2 Bf3+ {#R} 0-1

[Event "World Senior Teams +50"]
[Site "Hersonissos GRE"]
[Date "2017.04.30"]
[Round "7.5"]
[White "Lewis,An"]
[Black "Jamieson,P"]
[Result "1-0"]
[WhiteElo "2245"]
[BlackElo "2219"]

1.Nf3 d6 2.c4 g6 3.d4 Bg7 4.Nc3 Nd7 5.e4 e5 6.Be2 Ne7 7.Be3 O-O 8.d5 a5 9.h4
Nc5 10.h5 b6 11.hxg6 Nxg6 12.Qc2 f5 13.O-O-O Nf4 14.Nh4 Nxe4 15.Nxe4 fxe4
16.g3 Nxe2+ 17.Qxe2 Qd7 18.g4 Qf7 19.Rdg1 c6 20.dxc6 Be6 21.b3 a4 22.Kb2 b5
23.Nf5 axb3 24.axb3 bxc4 25.Nxd6 Rfb8 26.Nxf7 Rxb3+ 27.Kc2 Ra2+ 28.Kd1 Rb1+
29.Bc1 Rxc1+ 30.Kxc1 Rxe2 31.Ng5 Bc8 32.c7 h6 33.Rd1 Rxf2 34.Rd8+ Rf8 35.Nxe4
Bxg4 36.Rg1 Bc8 37.Nf6+ Kf7 38.Nh5 {#r} 1-0

[Event "World Senior Teams +50"]
[Site "Hersonissos GRE"]
[Date "2017.04.30"]
[Round "7.5"]
[White "Robertson,I"]
[Black "Dunn,An1"]
[Result "1-0"]
[WhiteElo "2053"]
[BlackElo "2190"]

1.e4 d5 2.exd5 Qxd5 3.Nf3 Bg4 4.Be2 Nc6 5.d4 e6 6.h3 Bh5 7.O-O O-O-O 8.Be3 Nf6
9.Nbd2 h6 10.c4 Qd7 11.a3 g5 12.b4 g4 13.Ne5 Nxe5 14.dxe5 gxh3 15.Bxh5 hxg2
16.Re1 Nxh5 17.Qxh5 Rh7 18.Ne4 Be7 19.Rad1 Qa4 20.Rxd8+ Bxd8 21.Nc5 Qxa3
22.Qf3 Qxb4 23.Rd1 Be7 24.Qe4 Rh8 25.Rb1 Bxc5 26.Rxb4 Bxb4 27.c5 a5 28.Qf4 Rf8
29.Qxh6 Rd8 30.Qf4 Rd7 31.Kxg2 c6 32.Kf3 Bc3 33.Kg4 Kb8 34.Kg5 Ka7 35.Kf6 Bb4
36.Qc4 Kb8 37.Bh6 Rd5 38.Bf8 b5 39.cxb6 Bxf8 40.Qxc6 Rc5 41.Qe8+ Rc8 42.Qxf7
{#r} 1-0

[Event "World Senior Teams +50"]
[Site "Hersonissos GRE"]
[Date "2017.04.30"]
[Round "7.6"]
[White "Bergstrom,R"]
[Black "Cordes,HJ"]
[Result "1-0"]
[WhiteElo "2248"]
[BlackElo "2231"]

1.e4 e6 2.d4 d5 3.e5 c5 4.c3 Nc6 5.Nf3 Nge7 6.Bd3 cxd4 7.cxd4 Nf5 8.Be3 Be7
9.Nc3 O-O 10.O-O Nxe3 11.fxe3 f5 12.exf6 Bxf6 13.Qc2 g6 14.Bxg6 hxg6 15.Qxg6+
Kh8 16.Rf2 Qe7 17.Raf1 Qg7 18.Ne5 Nxe5 19.Qh5+ Kg8 20.dxe5 Be7 21.Rxf8+ Bxf8
22.Rf4 Qe7 23.Rh4 Bg7 24.Nb5 Bxe5 25.Qg6+ Bg7 26.Qh7+ Kf8 27.Rf4+ Ke8 28.Qg8+
Bf8 29.Nc7+ {#r} 1-0

[Event "World Senior Teams +50"]
[Site "Hersonissos GRE"]
[Date "2017.04.30"]
[Round "7.6"]
[White "Jakel,W"]
[Black "Lagerborg,K"]
[Result "1-0"]
[WhiteElo "2218"]
[BlackElo "2062"]

1.e4 c5 2.Nf3 d6 3.d4 cxd4 4.Nxd4 Nf6 5.Nc3 a6 6.Be2 e5 7.Nb3 Be7 8.O-O Be6
9.f4 Qc7 10.Be3 Nbd7 11.a4 Rc8 12.a5 Bc4 13.Bd3 exf4 14.Rxf4 Ne5 15.Nd4 g6
16.h3 O-O 17.Qd2 Nfd7 18.Nf3 Be6 19.Nd4 Nc4 20.Bxc4 Bxc4 21.Nde2 Ne5 22.Rf2
Be6 23.b3 Rfe8 24.Bd4 Bf8 25.Nf4 Bg7 26.Ncd5 Qd8 27.Raf1 Bh6 28.Nxe6 fxe6
29.Qxh6 exd5 30.Rf7 {#r} 1-0

[Event "World Senior Teams +65"]
[Site "Hersonissos GRE"]
[Date "2017.04.30"]
[Round "7.1"]
[White "Lederman,L"]
[Black "Balashov,Y"]
[Result "0-1"]
[WhiteElo "2276"]
[BlackElo "2408"]

1.e4 e5 2.Nf3 Nc6 3.Bb5 a6 4.Ba4 Nf6 5.O-O Be7 6.Re1 b5 7.Bb3 d6 8.c3 O-O 9.d4
Bg4 10.Be3 exd4 11.cxd4 Na5 12.Bc2 Nc4 13.Bc1 c5 14.b3 Nb6 15.Nbd2 Rc8 16.h3
Bh5 17.Nf1 cxd4 18.g4 Bg6 19.Nxd4 d5 20.e5 Ne4 21.f3 Nc3 22.Qd2 Bh4 23.Bb2
Bxe1 24.Rxe1 b4 25.a3 a5 26.Ng3 Bxc2 27.Nxc2 Nd7 28.axb4 axb4 29.Nf5 Nc5
30.Nxb4 Nxb3 31.Qf4 Rc4 {#R} 0-1

[Event "World Senior Teams +65"]
[Site "Hersonissos GRE"]
[Date "2017.04.30"]
[Round "7.3"]
[White "Pitzl,K"]
[Black "Haubt,G"]
[Result "1-0"]
[WhiteElo "2001"]
[BlackElo "2179"]

1.Nf3 d5 2.g3 Nc6 3.Bg2 Bf5 4.d3 Qd7 5.O-O Bh3 6.c4 Bxg2 7.Kxg2 d4 8.a3 a5
9.e3 O-O-O 10.e4 h5 11.h4 Nh6 12.b4 Ng4 13.Qa4 f5 14.Nbd2 e6 15.b5 Nb8 16.Qxa5
Bc5 17.exf5 exf5 18.Nb3 b6 19.Qa4 Rde8 20.Bf4 Re2 21.Nxc5 bxc5 22.Kg1 Rhe8
23.Qa7 Rb2 24.Rae1 Rxe1 25.Rxe1 Nxf2 26.Re8+ {#r} 1-0

[Event "World Senior Teams +65"]
[Site "Hersonissos GRE"]
[Date "2017.04.30"]
[Round "7.4"]
[White "Reuben,S"]
[Black "Svensson,Soren"]
[Result "0-1"]
[WhiteElo "2077"]
[BlackElo "1992"]

1.d4 d5 2.c4 e6 3.Nc3 Nf6 4.Bf4 Bd6 5.Be5 dxc4 6.e3 a6 7.Qa4+ Bd7 8.Qxc4 b5
9.Qd3 Bc6 10.Nf3 O-O 11.O-O-O b4 12.Bxf6 Qxf6 13.Ne4 Qe7 14.Nfd2 Nd7 15.Qc2
Bb7 16.Bd3 h6 17.f3 Rfc8 18.Kb1 a5 19.Nb3 a4 20.Nbc5 Bd5 21.Bc4 Nb6 22.b3 Bxc4
23.bxc4 f5 24.Nb7 b3 25.axb3 axb3 26.Qxb3 Ra3 27.Qb5 fxe4 28.c5 Na4 29.Rc1
Nc3+ 30.Rxc3 Rxc3 31.Rc1 Rxc1+ 32.Kxc1 exf3 33.cxd6 cxd6+ {#R} 0-1

[Event "World Senior Teams +65"]
[Site "Hersonissos GRE"]
[Date "2017.04.30"]
[Round "7.5"]
[White "Staechelin,R"]
[Black "Van Kemenade,R"]
[Result "0-1"]
[WhiteElo "2092"]
[BlackElo "1914"]

1.e4 e5 2.Nf3 Nf6 3.Nxe5 d6 4.Nf3 Nxe4 5.Nc3 Nxc3 6.dxc3 Be7 7.Bf4 O-O 8.Qd2
b6 9.O-O-O Bb7 10.Kb1 Nd7 11.Nd4 Nc5 12.Nf5 Bf6 13.f3 Qd7 14.Ne3 Ne6 15.Ng4
Be7 16.Ne3 Nxf4 {#R} 0-1

[Event "World Senior Teams +65"]
[Site "Hersonissos GRE"]
[Date "2017.04.30"]
[Round "7.6"]
[White "Uddenfeldt,D"]
[Black "Van Caspel,R"]
[Result "1-0"]
[WhiteElo "2359"]
[BlackElo "2101"]

1.Nf3 d6 2.d4 Bg4 3.e4 Nf6 4.Nc3 e6 5.h3 Bh5 6.g4 Bg6 7.Qe2 c6 8.Bg2 Be7 9.e5
Nfd7 10.exd6 Bxd6 11.a3 Qc7 12.Be3 O-O 13.h4 h5 14.gxh5 Bxh5 15.Ne4 Bf4
16.O-O-O b5 17.Qd2 Bxe3 18.Qxe3 Nb6 19.Qg5 Bg6 20.Ne5 Bxe4 21.Bxe4 f6 22.Qh5
f5 23.Bf3 N8d7 24.Ng6 Rf6 25.Rhg1 a5 26.Qh8+ Kf7 27.Ne5+ Ke7 28.Rxg7+ Kd6
29.Rxd7+ {#r} 1-0

[Event "49th Italian Teams 2017"]
[Site "Gallipoli ITA"]
[Date "2017.04.30"]
[Round "5.1"]
[White "David,Alb"]
[Black "Aranovitch,E"]
[Result "1-0"]
[WhiteElo "2546"]
[BlackElo "2357"]

1.e4 c5 2.Nf3 d6 3.d4 cxd4 4.Nxd4 Nf6 5.Nc3 Nc6 6.Bg5 e6 7.Qd2 Be7 8.O-O-O
Nxd4 9.Qxd4 O-O 10.f4 Qa5 11.Be2 Rd8 12.e5 dxe5 13.Qxe5 Qb6 14.f5 Bd7 15.fxe6
Bxe6 16.Bf3 Nd7 17.Qg3 Nf6 18.Bh6 Bf8 19.Bf4 Rxd1+ 20.Rxd1 Rc8 21.Be5 Ne8
22.a3 Bc5 23.Nd5 Qb5 24.Nc7 Qc4 25.b3 Be3+ 26.Kb1 Qc5 27.Be4 Bh6 28.Nxe6 fxe6
29.Bb2 Qc7 30.Qh3 Qe7 31.Bxb7 Rc7 32.Ba6 e5 33.Bc4+ Kh8 34.Rd5 Bf4 35.g3 Nf6
36.Rb5 {#r} 1-0

[Event "49th Italian Teams 2017"]
[Site "Gallipoli ITA"]
[Date "2017.04.30"]
[Round "5.1"]
[White "Colmenares,A"]
[Black "Mogranzini,R"]
[Result "1-0"]
[WhiteElo "2377"]
[BlackElo "2508"]

1.d4 Nf6 2.Bg5 g6 3.Nd2 Bg7 4.e4 h6 5.Bh4 d6 6.c3 Nbd7 7.Ngf3 g5 8.Bg3 Nh5
9.Bc4 e6 10.Qe2 a6 11.a4 Qe7 12.O-O Nf8 13.Ne1 Nf4 14.Bxf4 gxf4 15.e5 Ng6
16.Ndf3 Bd7 17.b4 a5 18.Nd3 O-O 19.b5 Rad8 20.Rfe1 Bc8 21.Qd2 dxe5 22.Ndxe5
Qf6 23.Nxg6 fxg6 24.Qe2 Rd6 25.Bd3 g5 26.Ne5 b6 27.Qe4 Qf5 28.Qf3 Qf6 29.Re2
Qd8 30.Rae1 Bxe5 31.Rxe5 Qf6 32.Qe4 Rf7 33.Bc4 Re7 34.h4 Kf8 35.Qf3 Kg7
36.hxg5 hxg5 37.Qh5 {#r} 1-0

[Event "49th Italian Teams 2017"]
[Site "Gallipoli ITA"]
[Date "2017.04.30"]
[Round "5.2"]
[White "Dappiano,A"]
[Black "Shytaj,L"]
[Result "0-1"]
[WhiteElo "2319"]
[BlackElo "2456"]

1.e4 c5 2.c3 Nf6 3.e5 Nd5 4.d4 cxd4 5.Qxd4 e6 6.Nf3 Nc6 7.Qe4 d6 8.Bb5 Bd7
9.c4 Nc7 10.exd6 Bxd6 11.O-O Qe7 12.Nc3 h6 13.Re1 g5 14.Nd4 f5 15.Nxc6 bxc6
16.Qd4 e5 17.Qd1 cxb5 18.c5 Bxc5 19.Nd5 Qd6 20.Nxc7+ Qxc7 21.Qh5+ Ke7 22.Bd2
Kf6 23.Rac1 Qd6 24.Bc3 Bd4 25.Rxe5 Qxe5 26.Re1 Bxc3 {#R} 0-1

[Event "49th Italian Teams 2017"]
[Site "Gallipoli ITA"]
[Date "2017.04.30"]
[Round "5.3"]
[White "Djuric,S"]
[Black "Ortega,Le"]
[Result "0-1"]
[WhiteElo "2429"]
[BlackElo "2480"]

1.e4 c5 2.Nf3 d6 3.Nc3 Nf6 4.e5 dxe5 5.Nxe5 Nbd7 6.Nc4 g6 7.Qe2 Nb6 8.Qe5 Nbd5
9.Ne3 Nxc3 10.dxc3 b6 11.Bb5+ Bd7 12.Bxd7+ Qxd7 13.O-O Rd8 14.g3 Qd6 15.Nc4
Qxe5 16.Nxe5 Bg7 17.Re1 Nd5 18.a4 Bxe5 19.Rxe5 f6 20.Re1 Kf7 21.a5 b5 22.a6
Rd6 23.Kg2 Rc8 24.h4 h5 25.Ra5 Rb6 {#R} 0-1

[Event "49th Italian Teams 2017"]
[Site "Gallipoli ITA"]
[Date "2017.04.30"]
[Round "5.3"]
[White "Altini,N"]
[Black "Sebastianelli,Di"]
[Result "1-0"]
[WhiteElo "2415"]
[BlackElo "2328"]

1.d4 Nf6 2.c4 e6 3.Nf3 b6 4.g3 Bb4+ 5.Bd2 Be7 6.Bg2 Bb7 7.O-O c5 8.d5 exd5
9.Nh4 g6 10.Bc3 O-O 11.cxd5 d6 12.a4 a6 13.b4 Nbd7 14.Na3 Ne8 15.bxc5 Nxc5
16.Nf3 Bf6 17.Nd4 Rc8 18.Rc1 Qd7 19.Nc6 Bxc3 20.Rxc3 Nf6 21.Nc4 Nxd5 22.Bxd5
Rxc6 23.Bxc6 Qxc6 24.f3 Nxa4 25.Rc1 d5 26.Na5 Qd7 27.Nxb7 Rb8 28.Nd6 {#r} 1-0

[Event "49th Italian Teams 2017"]
[Site "Gallipoli ITA"]
[Date "2017.04.30"]
[Round "5.4"]
[White "Lodici,Lorenzo"]
[Black "Iordachescu,V"]
[Result "0-1"]
[WhiteElo "2402"]
[BlackElo "2600"]

1.d4 Nf6 2.c4 e6 3.Nc3 Bb4 4.f3 d5 5.a3 Be7 6.e4 O-O 7.e5 Nfd7 8.cxd5 Nb6
9.Bd3 Nxd5 10.Qc2 h6 11.Nxd5 exd5 12.f4 c5 13.f5 Nc6 14.Nf3 Re8 15.O-O c4
16.Be2 Nxd4 17.Nxd4 Bc5 18.Be3 Rxe5 19.Bf2 Bd7 20.b4 Bb6 21.Bf3 Qf6 22.g4 Rae8
23.h3 Re3 24.Bxe3 Rxe3 25.Rad1 Bxd4 26.Kg2 h5 27.Qd2 Bb6 28.Rde1 c3 29.Qd1 Bb5
30.Rxe3 Bxe3 31.Bxd5 Bxf1+ 32.Kxf1 Qe5 33.Qb3 Qh2 {#R} 0-1

[Event "49th Italian Teams 2017"]
[Site "Gallipoli ITA"]
[Date "2017.04.30"]
[Round "5.5"]
[White "Luciani,V"]
[Black "Bergamasco,Tommaso"]
[Result "0-1"]
[WhiteElo "2180"]
[BlackElo "2168"]

1.d4 Nf6 2.c4 d6 3.Nc3 g6 4.e4 Bg7 5.f3 a6 6.Be3 Nc6 7.Rb1 O-O 8.b4 e5 9.d5
Nd4 10.Nge2 Nh5 11.Qd2 Nxe2 12.Bxe2 f5 13.O-O Nf4 14.Rfd1 Qg5 15.Bf1 Bh6
16.Kh1 Qh5 17.c5 Bg5 18.a4 Nh3 19.Bxg5 Nxg5 20.a5 fxe4 21.Nxe4 Nxe4 22.fxe4
Rf4 23.Re1 Bd7 24.g3 Rf6 25.Be2 Qh3 26.Bf1 Qh5 27.Be2 Qh3 28.Bf1 Qg4 29.Qd1
Qg5 30.Qc1 Qh5 31.Be2 Bg4 32.Qd1 Rf2 {#R} 0-1